000 00347nam a22001457a 4500
003 OSt
005 20160512132650.0
008 160512b xxu||||| |||| 00| 0 eng d
020 _a9780670060665
040 _cN/A
100 _aAronson Marc
245 _aUp Close
_bRobert .F. kennedy
260 _aU.S.A
_bPenguin Group
_c2007
942 _2lcc
_cBK
999 _c253607
_d253606